The economics of health and health care / (Record no. 22507)
[ view plain ]
| 000 -LEADER | |
|---|---|
| fixed length control field | 00865cam a22002654a 4500 |
| 001 - CONTROL NUMBER | |
| control field | 14364258 |
| 003 - CONTROL NUMBER IDENTIFIER | |
| control field | OSt |
| 005 - DATE AND TIME OF LATEST TRANSACTION | |
| control field | 20251111101802.0 |
| 008 - FIXED-LENGTH DATA ELEMENTS--GENERAL INFORMATION | |
| fixed length control field | 060504s2007 njua b 001 0 eng |
| 010 ## - LIBRARY OF CONGRESS CONTROL NUMBER | |
| LC control number | 2006044808 |
| 020 ## - INTERNATIONAL STANDARD BOOK NUMBER | |
| International Standard Book Number | 0132279428 |
| 020 ## - INTERNATIONAL STANDARD BOOK NUMBER | |
| International Standard Book Number | 9781032311654 |
| 040 ## - CATALOGING SOURCE | |
| Original cataloging agency | MMARA-U |
| Transcribing agency | MMARA-U |
| Language of cataloging | eng |
| Modifying agency | MMARA-U |
| 050 00 - LIBRARY OF CONGRESS CALL NUMBER | |
| Classification number | RA410 |
| Item number | .F65 2007 |
| 100 1# - MAIN ENTRY--PERSONAL NAME | |
| Personal name | Folland, Sherman. |
| 9 (RLIN) | 2692 |
| 245 14 - TITLE STATEMENT | |
| Title | The economics of health and health care / |
| Statement of responsibility, etc. | Sherman Folland, Allen C. Goodman, Miron Stano. |
| 250 ## - EDITION STATEMENT | |
| Edition statement | 5th ed. |
| 260 ## - PUBLICATION, DISTRIBUTION, ETC. (IMPRINT) | |
| Place of publication, distribution, etc. | Upper Saddle River, NJ : |
| Name of publisher, distributor, etc. | Pearson Prentice Hall, |
| Date of publication, distribution, etc. | c2007. |
| 300 ## - PHYSICAL DESCRIPTION | |
| Extent | xxvii, 607 p. : |
| Other physical details | ill. ; |
| Dimensions | 26 cm. |
| 500 ## - GENERAL NOTE | |
| General note | Includes bibliographical references (p. 566-593) and index. |
| 650 #0 - SUBJECT ADDED ENTRY--TOPICAL TERM | |
| Topical term or geographic name as entry element | Medical economics. |
| 9 (RLIN) | 1154 |
| 700 1# - ADDED ENTRY--PERSONAL NAME | |
| Personal name | Goodman, Allen C. |
| 9 (RLIN) | 2693 |
| 700 1# - ADDED ENTRY--PERSONAL NAME | |
| Personal name | Stano, Miron. |
| 9 (RLIN) | 2694 |
| 942 ## - ADDED ENTRY ELEMENTS (KOHA) | |
| Source of classification or shelving scheme | Library of Congress Classification |
| Koha item type | L |
| Edition | 5TH ed. |
| Withdrawn status | Lost status | Source of classification or shelving scheme | Damaged status | Not for loan | Home library | Current library | Date acquired | Source of acquisition | Total Checkouts | Full call number | Barcode | Date last seen | Price effective from | Koha item type | Cost, normal purchase price |
|---|---|---|---|---|---|---|---|---|---|---|---|---|---|---|---|
| Library of Congress Classification | Maasai Mara University Library -Main Campus | Maasai Mara University Library -Main Campus | 02/10/2017 | Donation T4C | RA 410.F65 2007 | 17022842 | 02/10/2017 | 02/10/2017 | L | ||||||
| Library of Congress Classification | Maasai Mara University Library -Main Campus | Maasai Mara University Library -Main Campus | 11/11/2025 | Purchased | RA 410.F65 2024 | 25040657 | 11/11/2025 | 11/11/2025 | L | 12348.00 |